00878nam a2200253Ia 450000500170000000800390001702000150005604100080007110000230007924501600010225000220026226400240028430000320030833600270034033700330036733800280040065000280042865000300045665000270048670000310051370000340054404000350057808400110061320220316235315.0121119s2000 sp a gr 000 j spa a843722389X1 aspa1 aHolzwarth, Werner,13aEl topo que quería saber quién se había hecho aquello en su cabezacWerner Holzwarth ; ilustraciones de Wolf Erlbruch ; traducción de Miguel Azaola aPrimera edición 1aMadridbAlteac2000 a20 páginasbilustraciones atextobtxt2rdacontent asin mediaciónbn2rdamedia avolumenbnc2rdacarrier142LEMBaAnimalesvCuentos142LEMBaLiteratura infantil142LEMBaCuentos alemanes1 aErlbruch, Wolfeilustrador1 aAzaola, Migueld etraductor aCO-BoRNBPbspaerdacCO-BoRNBP aC HOL3